[Event "ARG-chT"]
[Site "Villa Martelli"]
[Date "2008.08.23"]
[Round "3"]
[White "Bianchi, Lucas"]
[Black "Diaz, Sergio"]
[Result "1-0"]
[WhiteElo "2056"]
[BlackElo "2112"]
[PlyCount "59"]
[EventDate "2008.08.09"]
[EventType "tourn"]
[EventRounds "9"]
[EventCountry "ARG"]
[SourceTitle "EXT 2009"]
[Source "ChessBase"]
[SourceDate "2008.11.26"]
[SourceVersion "1"]
[SourceVersionDate "2008.11.26"]
[SourceQuality "1"]

1. c4 c5 2. Nc3 Nc6 3. g3 e5 4. Bg2 d6 5. e4 g6 6. Nge2 Bg7 7. 0-0 Be6 8. d3 Qd7 9. f4 Nf6 10. Nd5 Bg4 11. Bf3 0-0 12. f5 Bh3 13. Bg2 Bg4 14. Bf3 Bh3 15. Rf2 gxf5 16. Nxf6+ Bxf6 17. exf5 Nd4 18. Nxd4 exd4 19. Be4 b5 20. Qh5 bxc4 21. Bxa8 Rxa8 22. Qxh3 cxd3 23. Bh6 c4 24. Rf4 c3 25. Rg4+ Kh8 26. Bg7+ Bxg7 27. Rxg7 Kxg7 28. f6+ Kg6 29. Qxd7 d2 30. Rf1 1-0

[Event "IECG WC.2009.T.00002 email"]
[Site "IECG email"]
[Date "2008.04.15"]
[Round "1"]
[White "Braun, Andreas"]
[Black "Diaz, Sergio"]
[Result "1/2-1/2"]
[WhiteElo "2348"]
[BlackElo "2376"]
[PlyCount "72"]
[EventDate "2008.04.15"]
[EventType "tourn (corr)"]
[EventRounds "10"]
[SourceTitle "Corr 2024"]
[Source "ChessBase"]
[SourceDate "2023.10.19"]
[SourceVersion "1"]
[SourceVersionDate "2023.10.19"]
[SourceQuality "1"]

1. c4 e5 2. Nc3 d6 3. g3 g6 4. Bg2 Bg7 5. d3 Nc6 6. e4 Nge7 7. Nge2 0-0 8. 0-0 Be6 9. Nd5 Qd7 10. Be3 f5 11. Qd2 Rf7 12. Rac1 Raf8 13. f3 Nd8 14. b4 fxe4 15. Nxe7+ Qxe7 16. dxe4 Qd7 17. Qc2 Nc6 18. Qc3 b6 19. a3 a6 20. Qd3 Qc8 21. f4 exf4 22. gxf4 Qd7 23. Rcd1 Qe8 24. Bd2 a5 25. Rde1 axb4 26. axb4 g5 27. b5 Na5 28. Bxa5 bxa5 29. f5 Bd7 30. Nd4 Qe5 31. Rd1 a4 32. Rf2 Qc5 33. Kh1 Be5 34. Ra2 a3 35. Nb3 Qb4 36. Nd4 Ra8 1/2-1/2

[Event "IECG WC.2009.T.00002 email"]
[Site "IECG email"]
[Date "2008.04.15"]
[Round "1"]
[White "Diaz, Sergio"]
[Black "Hellbing, Bernd"]
[Result "1/2-1/2"]
[WhiteElo "2376"]
[BlackElo "2471"]
[PlyCount "83"]
[EventDate "2008.04.15"]
[EventType "tourn (corr)"]
[EventRounds "10"]
[SourceTitle "Corr 2024"]
[Source "ChessBase"]
[SourceDate "2023.10.19"]
[SourceVersion "1"]
[SourceVersionDate "2023.10.19"]
[SourceQuality "1"]

1. d4 e6 2. c4 b6 3. e4 Bb7 4. Bd3 Nc6 5. Ne2 Nb4 6. 0-0 Nxd3 7. Qxd3 Ne7 8. Nbc3 g6 9. Qh3 h6 10. Be3 d6 11. a4 Bg7 12. a5 d5 13. cxd5 exd5 14. f3 Ba6 15. Rfd1 Qd7 16. Qxd7+ Kxd7 17. Nf4 dxe4 18. fxe4 Nc6 19. Ncd5 bxa5 20. Rdc1 Rab8 21. Rxc6 Kxc6 22. Rc1+ Kd7 23. Rxc7+ Ke8 24. Nxg6 fxg6 25. Rxg7 Rb7 26. Nc7+ Kd8 27. Ne6+ Kc8 28. Rxb7 Bxb7 29. d5 Ba6 30. Kf2 Rh7 31. Nc5 Bb5 32. Bd4 Rf7+ 33. Ke3 Rf1 34. Bc3 Rd1 35. Bxa5 g5 36. g3 h5 37. Bc3 h4 38. Kf3 Bd7 39. gxh4 gxh4 40. Kf4 h3 41. Ke3 a5 42. b3 1/2-1/2

[Event "IECG WC.2009.T.00002 email"]
[Site "IECG email"]
[Date "2008.04.15"]
[Round "1"]
[White "Peli, Giora"]
[Black "Diaz, Sergio"]
[Result "0-1"]
[WhiteElo "2351"]
[BlackElo "2376"]
[PlyCount "124"]
[EventDate "2008.04.15"]
[EventType "tourn (corr)"]
[EventRounds "10"]
[SourceTitle "Corr 2024"]
[Source "ChessBase"]
[SourceDate "2023.10.19"]
[SourceVersion "1"]
[SourceVersionDate "2023.10.19"]
[SourceQuality "1"]

1. e4 c5 2. Nf3 Nc6 3. d4 cxd4 4. Nxd4 Nf6 5. Nc3 e5 6. Ndb5 d6 7. Bg5 a6 8. Na3 b5 9. Nd5 Be7 10. Bxf6 Bxf6 11. c3 0-0 12. Nc2 Rb8 13. Nce3 Bg5 14. Bd3 Be6 15. 0-0 Bxe3 16. Nxe3 Qb6 17. Bc2 b4 18. Nd5 Qc5 19. cxb4 Nxb4 20. Bb3 Nxd5 21. exd5 Bd7 22. Rc1 Qa7 23. Qd2 a5 24. Rfe1 a4 25. Bc4 Qb6 26. b3 Rfc8 27. bxa4 Bxa4 28. Bf1 h6 29. h3 Bd7 30. Rxc8+ Rxc8 31. Rc1 Ra8 32. Bc4 Ra4 33. Bb3 Rf4 34. Qe3 Qa5 35. Qc3 Qxc3 36. Rxc3 Kf8 37. Rc7 Ba4 38. g3 Rb4 39. Rc4 Rxc4 40. Bxc4 Ke7 41. f4 Kd7 42. Kf2 f6 43. Ke3 Kc7 44. Bd3 Kb6 45. Ke4 Kc5 46. h4 Bb5 47. Bc2 Bc4 48. Kf5 Kxd5 49. fxe5 fxe5 50. a4 Kd4 51. a5 d5 52. Bd1 e4 53. Kf4 e3 54. Kf3 Kd3 55. a6 Bxa6 56. Be2+ Kd2 57. Bxa6 d4 58. Ke4 e2 59. Bxe2 Kxe2 60. Kxd4 Kf3 61. Ke5 Kxg3 62. h5 Kg4 0-1